Capitals Extreme - Statistics

General Stats
  • This quiz has been taken 18 times
    12 since last reset
  • The average score is 9 of 12
Answer Stats
Country Capital city % Correct
St. Kitts and Nevis Basseterre
86%
Moldova Chișinău
86%
Tuvalu Funafuti
86%
Palau Ngerulmud
86%
Cambodia Phnom Penh
86%
Montenegro Podgorica
86%
Honduras Tegucigalpa
86%
Myanmar Naypyidaw
71%
Brunei Bandar Seri Begawan
57%
Sri Lanka Sri Jayawardenepura Kotte
57%
Ivory Coast Yamoussoukro
57%
Burkina Faso Ouagadougou
43%
No matching quizzes found
Score Distribution
Percent of People with Each Score
Percentile by Number Answered
Your Score History
You have not taken this quiz since the last reset